000 00964nam a2200217Ia 4500
003 OSt
005 20260527110445.0
008 160316s2013 xxu||||| |||| 00| 0 eng d
020 _a8178243717 (hbk.)
040 _cn
082 _a323.060954 JAY
100 _aJayal, Niraja Gopal
245 _aCitizenship and its discontents :
_ban Indian history /
_cNiraja Gopal Jayal
260 _aNew Delhi :
_bPermanent Black ,
_c2013.
300 _aviii,366 p. :
_c23 cm
365 _bRs. 795
505 _aThe subject-citizen: a colonial anomaly; Legal citizenship and the long shadow of the partition; Aspirational citizenship: migrants and emigrants; Pedagogies of duty, protestations of rights; The unsocial compact; Social citizenship in neo-liberal times; Genealogies of mediated citizenship; Passages from backwardness to citizenship; The future of the civic community.
650 _aCitizenship - India - History
700 _a
_a
942 _2ddc
_cBK
999 _c33667
_d33667